Sócrates

Wedi'i Gadw mewn:
Manylion Llyfryddiaeth
Prif Awdur: Mondolfo, Rodolfo
Fformat: Llyfr
Iaith:Undetermined
Cyhoeddwyd: Buenos Aires, Argentina Editorial Universitaria 1968
Pynciau:
Tagiau: Ychwanegu Tag
Dim Tagiau, Byddwch y cyntaf i dagio'r cofnod hwn!

MARC

LEADER 00000nam a2200000Ia 4500
008 170316s9999 xx 000 0 und d
090 |a 100 M-53s 
100 |a Mondolfo, Rodolfo 
245 |a Sócrates 
260 |a Buenos Aires, Argentina 
260 |b Editorial Universitaria 
260 |c 1968 
300 |a 149 páginas 
650 |a FILOSOFÍA - GRIEGA 
999 |c 17039  |d 17039 
040 |a cru BVZT 
942 |c 15 D  |h 100 M-53s  |2 z